01470nam a2200265 a 4500008004100000020001500041050001800056100003100074245002800105250001100133260004200144300002500186350000900211490005200220500002200272650000800294650004500302995015200347995015200499995015200651999001700803952012800820952012800948952012801076120416s1976 ||||||||||||||||| || u a0256018782 aKB 144.C6 Don aDonaldson, James H., 1906-10aCasualty claim practice a3rd.ed aHomewood, IllbRichard D. Irwinc1976 axxiii, 968 p. : ill. a0.00 aIrwin series in insurance and economic security aIncludes indexes. aLAW aCASUALTY INSURANCE CLAIMS--UNITED STATES aANNEX COLLECTION (Main Library)D0.00e710876FCBU-MAIN LIBRARY (Kitwe)H2I15.50jKB 144.C6 DonM3UAVAILABLEy009037ZAnnex Low-Usage Collection  aANNEX COLLECTION (Main Library)D0.00e711372FCBU-MAIN LIBRARY (Kitwe)H1I15.50jKB 144.C6 DonM2UAVAILABLEy009036ZAnnex Low-Usage Collection  aANNEX COLLECTION (Main Library)D0.00e713361FCBU-MAIN LIBRARY (Kitwe)H3I15.50jKB 144.C6 DonM1UAVAILABLEy009035ZAnnex Low-Usage Collection  c78089d78089 00102lcc4070a001b001cAnnex Low-Usage Collectiond2023-05-03l0oKB 144.C6 Donp009037r2023-05-03t1w2023-05-03y002 00102lcc4070a001b001cAnnex Low-Usage Collectiond2023-05-03l0oKB 144.C6 Donp009036r2023-05-03t2w2023-05-03y002 00102lcc4070a001b001cAnnex Low-Usage Collectiond2023-05-03l0oKB 144.C6 Donp009035r2023-05-03t3w2023-05-03y002